000 00751nam a2200229 a 4500
001 001186215
003 AM-YeHGA
005 20250617152758.0
008 161101s1897 gw a r 000 0 ger d
040 _aAM-YeHGA
041 0 _ager
100 1 _aRosenberg, Adolf
_d1850-1906
245 1 0 _aVautier :
_bMit 111 Abbildungen nach Gemalden und Zeichnungen /
_cvon Adolf Rosenberg ; in Verbindung mit Andern herausgegeben von H. Knackfutz.
250 _aLiebhaber-Ausgaben
260 _aBielefeld
_aLeipzig :
_bVerlag von Velhagen & Klasing,
_c1897.
300 _a98 c. :
_bill.
440 0 _aKunstler-Monographien
_vXXIII
504 _aIncludes bibliogr. references
600 1 4 _aVautier, Benjamin
650 1 4 _aFrench painting
090 _c379430
999 _c377518
_d377518